Statistics for Structures Of The Eye

Click here to take the quiz!

General Stats

  • This quiz has been taken 18 times
  • The average score is 5 of 10

Answer Stats

Description and FunctionStructure of Eye% Correct
Controls the size of the above to determine how much light enters the eyeIris
93%
Gap where light enters the eyePupil
87%
Most refraction of light happens hereCornea
73%
Carries out additional refraction of light to focus light rays on the retinaLens
67%
Layer containing light sensitive cells (rods and cones)Retina
67%
The blind spot is due to this structureOptic nerve
60%
Area of eye that gives very clear colour vision due to high concentration of conesFovea
40%
Layer of cells that stops light reflecting back through eyeChoroid
20%
Clear fluid that keeps the front part of eye in the correct shapeAqueous humour
13%
Protects the above from damageConjunctiva
0%

Score Distribution

Percentile by Number Answered

Percent of People with Each Score

Your Score History

You have not taken this quiz